A chequered serenade to mother Africa / (Record no. 99391)
[ view plain ]
| 000 -LEADER | |
|---|---|
| fixed length control field | 00538cam1a220016900 4500 |
| 005 - DATE AND TIME OF LATEST TRANSACTION | |
| control field | 20190819094451.0 |
| 008 - FIXED-LENGTH DATA ELEMENTS--GENERAL INFORMATION | |
| fixed length control field | 991125 |
| 020 ## - INTERNATIONAL STANDARD BOOK NUMBER | |
| International Standard Book Number | 9966469443 |
| 035 ## - SYSTEM CONTROL NUMBER | |
| System control number | (Sirsi) a142065 |
| 050 #0 - LIBRARY OF CONGRESS CALL NUMBER | |
| Classification number | PN1025 |
| Item number | Get 1996 |
| 100 1# - MAIN ENTRY--PERSONAL NAME | |
| Personal name | Gethoi,Wa Mutu |
| Linkage | A112029.1 |
| 245 10 - TITLE STATEMENT | |
| Title | A chequered serenade to mother Africa / |
| Statement of responsibility, etc. | Mutu Wa Gethoi. |
| 260 ## - PUBLICATION, DISTRIBUTION, ETC. | |
| Place of publication, distribution, etc. | Nairobi : |
| Name of publisher, distributor, etc. | East African Educational Publishers, |
| Date of publication, distribution, etc. | 1996 . |
| 350 ## - PRICE (NR) (BK AM CF MU VM SE) [OBSOLETE] | |
| Price | 25 |
| 410 00 - SERIES STATEMENT/ADDED ENTRY--CORPORATE NAME [OBSOLETE, CAN/MARC], [LOCAL, USA] | |
| Corporate name or jurisdiction name as entry element | Poets of Africa |
| Linkage | S18194.1 |
| 650 #0 - SUBJECT ADDED ENTRY--TOPICAL TERM | |
| Topical term or geographic name entry element | Poetry -- Africa |
| Geographic subdivision | Poetry -- Africa |
| Linkage | S85144.1 |
No items available.